City Puzzle: World - Statistics

General Stats
  • This quiz has been taken 50 times
  • The average score is 10 of 13
Answer Stats
Hint Answer % Correct
Egyptian city known for its ancient lighthouse Alexandria
95%
Holiest Jewish city Jerusalem
95%
Capital of Pakistan Islamabad
92%
Referred to as “the eternal city” Rome
92%
Second-most populous Japanese urban area Osaka
87%
Dutch city with the largest port in Europe Rotterdam
87%
Northernmost major Canadian city Edmonton
79%
City formerly known as “Kristiania” Oslo
79%
Final city Rio de Janeiro
77%
Largest Bengali-speaking city Dhaka
74%
Texan city near Ciudad Juarez El Paso
69%
Largest Russian city in Asia Novosibirsk
54%
Location of South Korea’s busiest airport Incheon
46%
No matching quizzes found
Score Distribution
Percent of People with Each Score
Percentile by Number Answered
Your Score History
You have not taken this quiz